| 000 | 01644nab a2200217 i 4500 | ||
|---|---|---|---|
| 001 | 768714001 | ||
| 003 | CO-MdFUSB | ||
| 005 | 20230111164921.0 | ||
| 008 | 211214b ck ||||| |||| 00| 0 eng d | ||
| 022 | _a1014-9341 | ||
| 040 |
_bspa _aCO-MdFUSB _cCO-MdFUSB _dCO-MdFUSB |
||
| 041 | _aspa | ||
| 100 |
_eautor _aSmith Kennedy, Donald |
||
| 245 |
_aOrigen y desarrollo del sistema de referencia cronológica para el antiguo Oriente _b(Segunda de tres partes) _c/ Donald Smith Kennedy |
||
| 300 |
_aNúmero 51 (Julio - Diciembre, 2012), páginas 9-38 _c; 22 cm |
||
| 520 | _aEn el siglo III d.C Julio Africano combinó combinó el método judío de calcular años a partir de la creación con el método griego de olimpiadas y dinastías egipcias para escribir la primera cronología universal que se conoce. En el siglo IV Eusebio preparó su Crónica, una enorme tabla que incluía la cronología bíblica, las olimpiadas, las dinastías egipcias y los cónsules romanos, y que llegó a ser la base de un milenio. Así, fue adoptada por Jerónimo, Agustín, Sincelo y Al-Biruni. Entre los siglos XVI y XVIII, a partir de Copérnico, la astronomía nueva impactó en la metodología para calcular fechas antiguas, y se escribieron muchas obras cronológicas. Especialmente influyentes eran las de James Ussher y Isaac Newton, todavía basadas en medida significativa en los datos bíblicos. | ||
| 650 | 0 |
_91196 _aCristianismo. _xHistoria - _ySiglo XX |
|
| 690 | _aBiografías cristianas | ||
| 773 | 0 |
_049489 _980000 _oR2083 _tKairós _w(CO-MdFUSB)768714001 _x10149341 _gNúmero 51 (Julio - Diciembre, 2012), páginas 9-38 _qPágina 9 |
|
| 942 | _cANA | ||
| 999 |
_c67081 _d67081 |
||